Glass-ceramics /

Bibliographic Details
Main Author: McMillan, P. W. (Peter Warwick)
Format: Book
Language:English
Published: London, New York : Academic Press, 1964.
Series:Non-metallic solids, v.1
Subjects:

MARC

Tag First Indicator Second Indicator Subfields
LEADER 00000cam a2200000 4500
001 in00000025211
005 20151007061129.0
008 720720s1964 enka 00010 eng u
010 |a  64008067  
035 |a (OCoLC)00361160 
035 |9 AAD1187AM 
040 |c DXU  |d TXA  |d UtOrBLW 
049 |a TXAM  |c [413295] 
050 0 |a TP862  |b .M3 
092 |a 666  |b M167g, 1964 
100 1 |a McMillan, P. W.  |q (Peter Warwick) 
245 1 0 |a Glass-ceramics /  |c by P. W. McMillan. 
264 1 |a London,  |a New York :  |b Academic Press,  |c 1964. 
300 |a viii, 229 pages :  |b illustrations ;  |c 23 cm. 
336 |a text  |b txt  |2 rdacontent 
337 |a unmediated  |b n  |2 rdamedia 
338 |a volume  |b nc  |2 rdacarrier 
490 0 |a Non-metallic solids, v.1 
650 0 |a Glass. 
999 |a MARS 
999 f f |s 11b80c72-bed1-31d6-a564-d48d5eff59a2  |i 57a10dcf-2ff1-3893-8ee5-87fb7e68ef43  |t 0 
952 f f |p ric  |a Texas A&M University  |b Rellis Campus  |c Joint Library Facility  |d Remote Storage  |t 0  |e TP862 .M3  |h Library of Congress classification  |i unmediated -- volume  |m A14801115685 
998 f f |a TP862 .M3  |t 0  |l Remote Storage